[Event "BL 2425 (Women)"]
[Site "Germany"]
[Date "2025.01.26"]
[Round "4.4"]
[White "Fuchs, Judith"]
[Black "Braeutigam, Katerina"]
[Result "1-0"]
[WhiteElo "2225"]
[BlackElo "1947"]
[PlyCount "69"]
[EventDate "2024.11.16"]
[EventType "team-tourn"]
[EventRounds "11"]
[EventCountry "GER"]
[SourceTitle "CB14_2025"]
[SourceDate "2024.11.01"]
[SourceVersion "1"]
[SourceVersionDate "2024.11.01"]
[SourceQuality "1"]
[WhiteTeam "Hamburger SK (W)"]
[BlackTeam "Dippoldiswalde Seeblick (W)"]
[WhiteTeamCountry "GER"]
[BlackTeamCountry "GER"]

1. b3 e5 2. Bb2 Nc6 3. e3 Nf6 4. c4 d5 5. cxd5 Nxd5 6. a3 Bd6 7. Qc2 Qe7 8. b4 a6 9. Bc4 Nb6 10. Bb3 0-0 11. d3 Kh8 12. Nd2 f5 13. Ngf3 Bd7 14. h4 a5 15. b5 a4 16. Ba2 Nd8 17. h5 Bxb5 18. Nh4 Be8 19. Ng6+ Bxg6 20. hxg6 h6 21. f4 Qf6 22. Nf3 Qxg6 23. fxe5 Be7 24. Qxc7 Qxg2 25. Qxe7 Qxh1+ 26. Kf2 Nc6 27. Qxf8+ Rxf8 28. Rxh1 Nd7 29. d4 Re8 30. Bb1 Ne7 31. Bd3 Rc8 32. Nh4 g6 33. Rg1 Rg8 34. Rc1 Nc6 35. e6 1-0

[Event "BL 2425 (Women)"]
[Site "Germany"]
[Date "2024.11.17"]
[Round "2.4"]
[White "Exler, Veronika"]
[Black "Fuchs, Judith"]
[Result "1/2-1/2"]
[WhiteElo "2169"]
[BlackElo "2225"]
[PlyCount "64"]
[EventDate "2024.11.16"]
[EventType "team-tourn"]
[EventRounds "11"]
[EventCountry "GER"]
[SourceTitle "CB48_2024"]
[SourceDate "2024.11.28"]
[SourceVersion "1"]
[SourceVersionDate "2024.11.28"]
[SourceQuality "1"]
[WhiteTeam "Bayern Muenchen (W)"]
[BlackTeam "Hamburger SK (W)"]
[WhiteTeamCountry "GER"]
[BlackTeamCountry "GER"]

1. e4 c6 2. d4 d5 3. exd5 cxd5 4. Bd3 Nc6 5. c3 Qc7 6. Ne2 Bg4 7. 0-0 Nf6 8. Qe1 Bxe2 9. Qxe2 e6 10. Nd2 Bd6 11. g3 a6 12. f4 0-0 13. Nf3 b5 14. Bd2 Ra7 15. b4 Qb6 16. a4 bxa4 17. Rxa4 a5 18. b5 Ne7 19. Ne5 Bc7 20. g4 Rd8 21. g5 Ne4 22. Bxe4 dxe4 23. Rb1 Bxe5 24. fxe5 Qb7 25. Rba1 Nf5 26. Rxa5 Rxa5 27. Rxa5 e3 28. Bxe3 Qe4 29. Kf2 Qh4+ 30. Kg2 Qe4+ 31. Kf2 Qh4+ 32. Kg2 Qe4+ 1/2-1/2

[Event "BL 2122 (Women)"]
[Site "Germany"]
[Date "2022.03.20"]
[Round "6.4"]
[White "Koepke, Elena"]
[Black "Fuchs, Judith"]
[Result "1/2-1/2"]
[WhiteElo "2285"]
[BlackElo "2233"]
[PlyCount "116"]
[EventDate "2021.11.27"]
[EventType "team-tourn"]
[EventRounds "11"]
[EventCountry "GER"]
[SourceTitle "EXT 2023"]
[Source "ChessBase"]
[SourceDate "2022.10.05"]
[SourceVersion "1"]
[SourceVersionDate "2022.10.05"]
[SourceQuality "1"]
[WhiteTeam "Deizisau (W)"]
[BlackTeam "Hamburger SK (W)"]
[WhiteTeamCountry "GER"]
[BlackTeamCountry "GER"]

1. e4 c6 2. d4 d5 3. exd5 cxd5 4. c4 Nf6 5. Nc3 Nc6 6. Bg5 dxc4 7. Bxc4 h6 8. Be3 e6 9. Nf3 Bd6 10. 0-0 0-0 11. Rc1 b6 12. Qe2 Ne7 13. Ne5 Bb7 14. Bd3 Ned5 15. Bb1 a6 16. Bd2 Qe7 17. Rfe1 Rfd8 18. Nxd5 Bxd5 19. Nc6 Bxc6 20. Rxc6 Qd7 21. Rcc1 Qa4 22. Be3 Nd5 23. Qd3 Nf6 24. a3 Qa5 25. Qe2 Nd5 26. Bd2 Qa4 27. Qd3 Nf6 28. Bc3 Qb3 29. Qf3 Qd5 30. Qh3 Rac8 31. Rcd1 Rc7 32. Qd3 Qc4 33. Qxc4 Rxc4 34. Bd3 Rc7 35. Bxa6 Bxa3 36. Ra1 Be7 37. Bf1 Nd5 38. Ra6 Nxc3 39. bxc3 Rxc3 40. Rxb6 Rxd4 41. Rb8+ Bd8 42. g3 g6 43. Kg2 Kg7 44. Rb7 Bc7 45. Ra1 Rd2 46. Raa7 Rdc2 47. Bb5 h5 48. Ba4 Rc1 49. Rb3 Rxb3 50. Bxb3 Rc3 51. Rb7 g5 52. h3 Kg6 53. Ba4 Kf6 54. Bd1 Kg6 55. Ba4 Rc5 56. Rb2 Be5 57. Rb5 Rxb5 58. Bxb5 Bd4 1/2-1/2

[Event "BL 2122 (Women)"]
[Site "Germany"]
[Date "2022.03.19"]
[Round "5.5"]
[White "Salimova, Nurgyul"]
[Black "Fuchs, Judith"]
[Result "1-0"]
[WhiteElo "2418"]
[BlackElo "2233"]
[PlyCount "61"]
[EventDate "2021.11.27"]
[EventType "team-tourn"]
[EventRounds "11"]
[EventCountry "GER"]
[SourceTitle "EXT 2023"]
[Source "ChessBase"]
[SourceDate "2022.10.05"]
[SourceVersion "1"]
[SourceVersionDate "2022.10.05"]
[SourceQuality "1"]
[WhiteTeam "Baden-Baden (W)"]
[BlackTeam "Hamburger SK (W)"]
[WhiteTeamCountry "GER"]
[BlackTeamCountry "GER"]

1. d4 Nf6 2. Nf3 c5 3. c3 e6 4. Bg5 Be7 5. e3 b6 6. Nbd2 Bb7 7. Bd3 h6 8. Bh4 d6 9. h3 Nbd7 10. Qe2 Qc7 11. 0-0-0 a6 12. Kb1 b5 13. dxc5 Nxc5 14. Bc2 Rc8 15. e4 e5 16. Bxf6 Bxf6 17. Nf1 0-0 18. Ne3 Nxe4 19. Ng4 Qc6 20. Rhe1 Be7 21. Ne3 Nc5 22. Nf5 Qc7 23. N3d4 Bg5 24. h4 Bd8 25. Qg4 g6 26. Nxh6+ Kh8 27. h5 exd4 28. Qxd4+ f6 29. hxg6 d5 30. Nf5 Kg8 31. g7 1-0

[Event "BL 1920 (Women)"]
[Site "Germany"]
[Date "2021.09.05"]
[Round "11.3"]
[White "Zatonskih, Anna"]
[Black "Fuchs, Judith"]
[Result "1/2-1/2"]
[WhiteElo "2424"]
[BlackElo "2218"]
[PlyCount "27"]
[EventDate "2019.09.14"]
[EventType "team-tourn"]
[EventRounds "11"]
[EventCountry "GER"]
[SourceTitle "EXT 2022"]
[Source "ChessBase"]
[SourceDate "2021.10.06"]
[SourceVersion "1"]
[SourceVersionDate "2021.10.06"]
[SourceQuality "1"]
[WhiteTeam "Baden-Baden (W)"]
[BlackTeam "Hamburger SK (W)"]
[WhiteTeamCountry "GER"]
[BlackTeamCountry "GER"]

1. d4 Nf6 2. Nf3 c5 3. e3 cxd4 4. Nxd4 d5 5. c4 Nc6 6. cxd5 Nxd4 7. Qxd4 Qxd5 8. Qxd5 Nxd5 9. Bd2 Bd7 10. Nc3 Nxc3 11. Bxc3 f6 12. 0-0-0 e5 13. Bc4 0-0-0 14. Rd5 1/2-1/2

[Event "BL 1920 (Women)"]
[Site "Germany"]
[Date "2021.09.03"]
[Round "9.3"]
[White "Gosciniak, Maria"]
[Black "Fuchs, Judith"]
[Result "0-1"]
[WhiteElo "2132"]
[BlackElo "2218"]
[PlyCount "78"]
[EventDate "2019.09.14"]
[EventType "team-tourn"]
[EventRounds "11"]
[EventCountry "GER"]
[SourceTitle "EXT 2022"]
[Source "ChessBase"]
[SourceDate "2021.10.06"]
[SourceVersion "1"]
[SourceVersionDate "2021.10.06"]
[SourceQuality "1"]
[WhiteTeam "Harksheide (W)"]
[BlackTeam "Hamburger SK (W)"]
[WhiteTeamCountry "GER"]
[BlackTeamCountry "GER"]

1. e4 c5 2. Nf3 d6 3. c4 Nf6 4. Nc3 e5 5. g3 g6 6. Bg2 Bg7 7. d3 Nc6 8. 0-0 0-0 9. a3 h6 10. Rb1 a5 11. h3 Be6 12. Bd2 Rb8 13. Nb5 Ne8 14. b4 axb4 15. axb4 b6 16. bxc5 bxc5 17. Ne1 Nc7 18. Nc2 Nxb5 19. cxb5 Nd4 20. Nxd4 exd4 21. Qc1 Kh7 22. f4 f5 23. e5 dxe5 24. Qxc5 Rc8 25. Qb4 Bd5 26. b6 Bxg2 27. Kxg2 Qd5+ 28. Kg1 e4 29. Rfc1 e3 30. Be1 g5 31. fxg5 hxg5 32. b7 Rb8 33. Rc7 Rf7 34. Rxf7 Qxf7 35. Qb5 f4 36. gxf4 gxf4 37. Qc6 f3 38. Qe4+ Kg8 39. Bg3 Qa2 0-1

[Event "EU-Cup Online Gr-E (Women)"]
[Site "Tornelo INT"]
[Date "2020.12.20"]
[Round "9.2"]
[White "Shabanaj, Alda"]
[Black "Fuchs, Judith"]
[Result "0-1"]
[WhiteElo "1841"]
[BlackElo "2216"]
[PlyCount "198"]
[EventDate "2020.12.19"]
[EventType "team-tourn (rapid)"]
[EventRounds "9"]
[EventCountry "ISS"]
[SourceTitle "CBM 199 Extra"]
[Source "ChessBase"]
[SourceDate "2021.01.31"]
[SourceVersion "1"]
[SourceVersionDate "2021.01.31"]
[SourceQuality "1"]
[WhiteTeam "Klubi i Kampioneve (W)"]
[BlackTeam "Hamburger SK (W)"]
[WhiteTeamCountry "ALB"]
[BlackTeamCountry "GER"]

1. d4 Nf6 2. c4 c5 3. d5 b5 4. g3 Bb7 5. Bg2 e6 6. e4 exd5 7. cxd5 d6 8. Ne2 g6 9. 0-0 Bg7 10. Bf4 0-0 11. Nbc3 a6 12. Re1 b4 13. Na4 Re8 14. Qc2 Nh5 15. Rad1 Nxf4 16. gxf4 Nd7 17. Ng3 Qh4 18. f5 Ne5 19. Nb6 Rad8 20. b3 Ng4 21. h3 Ne5 22. Nc4 Nxc4 23. Qxc4 Be5 24. Qd3 Bc8 25. Qf3 h5 26. Nf1 Bc3 27. Re3 Bd4 28. Ree1 Bd7 29. Ne3 Bb5 30. Nc2 Bc3 31. Re3 Be5 32. Kh1 Rd7 33. Rg1 Kh7 34. Bf1 Qf4 35. Qg2 Rg8 36. Rg3 g5 37. Ne3 f6 38. Bc4 Bd4 39. Nc2 Qxf2 40. Nxd4 Qxd4 41. Qf3 Kh6 42. h4 Rdg7 43. hxg5+ Rxg5 44. Rxg5 fxg5 45. Bxb5 axb5 46. f6 Rf8 47. f7 Qg7 48. Rf1 Qg6 49. Qf6 Qxf6 50. Rxf6+ Kg7 51. Rxd6 Rxf7 52. Rc6 Re7 53. Rxc5 Rxe4 54. d6 Kf6 55. Rd5 Re8 56. Rxb5 Rd8 57. Rxb4 Rxd6 58. Rb8 Rd1+ 59. Kg2 Rd2+ 60. Kf3 Rxa2 61. Rb6+ Kf7 62. Rb7+ Ke6 63. Rb6+ Ke7 64. Rb7+ Kd6 65. Rg7 Ra5 66. Rg6+ Ke7 67. Rg7+ Kf6 68. Rg8 Rb5 69. Rf8+ Kg7 70. Rc8 Rxb3+ 71. Ke4 Rb4+ 72. Kf5 Rb5+ 73. Ke4 h4 74. Kf3 Kg6 75. Rc6+ Kf5 76. Rc8 Rb3+ 77. Kg2 Kg4 78. Rc4+ Kh5 79. Rc5 Rb4 80. Kh3 Rf4 81. Ra5 Re4 82. Rb5 Re3+ 83. Kg2 Kg4 84. Rb4+ Kf5 85. Rb5+ Kf4 86. Rb4+ Re4 87. Rb8 Re2+ 88. Kf1 Ra2 89. Rb4+ Kg3 90. Rb3+ Kg4 91. Rb4+ Kh5 92. Kg1 h3 93. Rb8 Kh4 94. Rb4+ g4 95. Rb8 Ra1+ 96. Kf2 Ra2+ 97. Kg1 Ra3 98. Rh8+ Kg3 99. Rf8 Ra1+ 0-1

[Event "EU-Cup Online Gr-E (Women)"]
[Site "Tornelo INT"]
[Date "2020.12.19"]
[Round "4.4"]
[White "Fuchs, Judith"]
[Black "Benmesbah, Natacha"]
[Result "1-0"]
[WhiteElo "2216"]
[BlackElo "2223"]
[PlyCount "57"]
[EventDate "2020.12.19"]
[EventType "team-tourn (rapid)"]
[EventRounds "9"]
[EventCountry "ISS"]
[SourceTitle "CBM 199 Extra"]
[Source "ChessBase"]
[SourceDate "2021.01.31"]
[SourceVersion "1"]
[SourceVersionDate "2021.01.31"]
[SourceQuality "1"]
[WhiteTeam "Hamburger SK (W)"]
[BlackTeam "Clichy Echecs 92 (W)"]
[WhiteTeamCountry "GER"]
[BlackTeamCountry "FRA"]

1. b3 e5 2. Bb2 Nc6 3. e3 d5 4. Bb5 Bd6 5. f4 Qe7 6. Nf3 Bg4 7. fxe5 Bxe5 8. Bxe5 Bxf3 9. Qxf3 Qxe5 10. 0-0 Nf6 11. Bxc6+ bxc6 12. Nc3 0-0 13. Qf4 Qd6 14. Qa4 c5 15. Rf5 d4 16. Nb5 Qe6 17. Rf3 c6 18. Nc7 Qe5 19. Nxa8 dxe3 20. Re1 exd2 21. Rxe5 d1Q+ 22. Rf1 Qd6 23. Qf4 Nd5 24. Qg3 Qb8 25. c4 Nb4 26. Rxc5 Qxa8 27. a3 Nc2 28. Qc3 Nxa3 29. Ra5 1-0

[Event "BL 1920 (Women)"]
[Site "Germany"]
[Date "2020.02.15"]
[Round "7.3"]
[White "Fuchs, Judith"]
[Black "Jaracz, Barbara"]
[Result "0-1"]
[WhiteElo "2218"]
[BlackElo "2199"]
[PlyCount "60"]
[EventDate "2019.09.14"]
[EventType "team-tourn"]
[EventRounds "11"]
[EventCountry "GER"]
[SourceTitle "CBM 195 Extra"]
[Source "ChessBase"]
[SourceDate "2020.05.31"]
[SourceVersion "1"]
[SourceVersionDate "2020.05.31"]
[SourceQuality "1"]
[WhiteTeam "Hamburger SK (W)"]
[BlackTeam "Leipzig Weissblau (W)"]
[WhiteTeamCountry "GER"]
[BlackTeamCountry "GER"]

1. d4 Nf6 2. Bf4 g6 3. Nc3 d5 4. Qd2 Bg7 5. Bh6 0-0 6. Bxg7 Kxg7 7. 0-0-0 c5 8. e3 c4 9. e4 b5 10. e5 Ng8 11. Nxb5 Nc6 12. Ne2 Rb8 13. Nbc3 Qa5 14. Ng3 f6 15. f4 Nh6 16. b3 Nf5 17. Nxf5+ Bxf5 18. Kb2 Nb4 19. Rc1 Nxa2 20. Ra1 Qxc3+ 21. Qxc3 Nxc3 22. exf6+ Rxf6 23. Kxc3 cxb3 24. Bd3 Bxd3 25. Kxd3 b2 26. Rab1 a5 27. Rhe1 a4 28. c3 a3 29. Kc2 Kf7 30. g3 Rfb6 0-1

[Event "GER-ch blitz (Women)"]
[Site "Magdeburg"]
[Date "2019.05.25"]
[Round "13"]
[White "Fuchs, Judith"]
[Black "Birkholz, Olga"]
[Result "1-0"]
[WhiteElo "2218"]
[BlackElo "2031"]
[PlyCount "149"]
[EventDate "2019.05.25"]
[EventType "tourn (blitz)"]
[EventRounds "29"]
[EventCountry "GER"]
[SourceTitle "CBM 190 Extra"]
[Source "ChessBase"]
[SourceDate "2019.07.15"]
[SourceVersion "1"]
[SourceVersionDate "2019.07.15"]
[SourceQuality "1"]

1. e4 b6 2. d4 Bb7 3. Bd3 g6 4. Nf3 Bg7 5. 0-0 e6 6. c3 Ne7 7. Be3 d6 8. Re1 Nd7 9. Qd2 0-0 10. Bh6 c5 11. Bxg7 Kxg7 12. Na3 a6 13. Nc2 Qc7 14. Ne3 Nc6 15. Ng4 f6 16. Qh6+ Kg8 17. Bc4 Nd8 18. Rac1 b5 19. Bb3 c4 20. Bc2 Nf7 21. Qh3 Ng5 22. Nxg5 fxg5 23. e5 Rf4 24. exd6 Qxd6 25. Ne5 Nf6 26. Qg3 Rf8 27. f3 Nh5 28. Qxg5 Qd8 29. Qxd8 Rxd8 30. Re3 Rf6 31. Be4 Bxe4 32. Rxe4 Nf4 33. Nc6 Rd6 34. Ne5 g5 35. Rce1 h6 36. g3 Ng6 37. Nxg6 Rxg6 38. Re5 Kf7 39. Kg2 Rf6 40. R1e4 Rb6 41. a3 a5 42. h4 b4 43. hxg5 hxg5 44. axb4 axb4 45. Rxg5 bxc3 46. bxc3 Rb2+ 47. Kh3 Rxf3 48. Rh5 Rff2 49. Kg4 Rb3 50. Re3 Rf6 51. Rc5 Rg6+ 52. Kf4 Rf6+ 53. Ke4 Rb1 54. Rxc4 Rg1 55. Rc5 Rg6 56. Rf3+ Ke7 57. Rc7+ Kd6 58. Ra7 R6xg3 59. Ra6+ Ke7 60. Rxg3 Rxg3 61. c4 Rg4+ 62. Kd3 Rg3+ 63. Ke4 Rg4+ 64. Ke3 Rg3+ 65. Kf4 Rc3 66. c5 Rc4 67. Ke5 Rc1 68. Ra7+ Ke8 69. Kxe6 Re1+ 70. Kd6 Rh1 71. c6 Rh6+ 72. Kc5 Kd8 73. d5 Kc8 74. Kb6 Rd6 75. Ra8# 1-0

[Event "GER-ch blitz (Women)"]
[Site "Magdeburg"]
[Date "2019.05.25"]
[Round "3"]
[White "Fuchs, Judith"]
[Black "Gheng, Simona"]
[Result "1-0"]
[WhiteElo "2218"]
[BlackElo "1991"]
[PlyCount "33"]
[EventDate "2019.05.25"]
[EventType "tourn (blitz)"]
[EventRounds "29"]
[EventCountry "GER"]
[SourceTitle "CBM 190 Extra"]
[Source "ChessBase"]
[SourceDate "2019.07.15"]
[SourceVersion "1"]
[SourceVersionDate "2019.07.15"]
[SourceQuality "1"]

1. d4 d5 2. Bf4 e6 3. e3 Nf6 4. Nf3 Bd6 5. Bg3 0-0 6. Bd3 h6 7. Nbd2 b6 8. Qe2 Bb7 9. c3 c5 10. Rd1 Nbd7 11. Bxd6 Re8 12. Bg3 e5 13. Nxe5 Nxe5 14. Bxe5 Qd7 15. Bxf6 gxf6 16. 0-0 Bc8 17. Bb5 1-0

[Event "GER-ch blitz (Women)"]
[Site "Magdeburg"]
[Date "2019.05.25"]
[Round "7"]
[White "Fuchs, Judith"]
[Black "Sieber, Fiona"]
[Result "1/2-1/2"]
[WhiteElo "2218"]
[BlackElo "2250"]
[PlyCount "109"]
[EventDate "2019.05.25"]
[EventType "tourn (blitz)"]
[EventRounds "29"]
[EventCountry "GER"]
[SourceTitle "CBM 190 Extra"]
[Source "ChessBase"]
[SourceDate "2019.07.15"]
[SourceVersion "1"]
[SourceVersionDate "2019.07.15"]
[SourceQuality "1"]

1. d4 Nf6 2. Bf4 e6 3. e3 c5 4. c3 Nc6 5. Nd2 cxd4 6. exd4 Be7 7. Bd3 Nd5 8. Bg3 f5 9. h3 0-0 10. Ngf3 b6 11. Qe2 Bb7 12. Ne5 Nxe5 13. Bxe5 d6 14. Bh2 Qd7 15. 0-0 Bf6 16. Rfe1 Rae8 17. Nf3 Bc6 18. a3 Kh8 19. Qc2 g5 20. Re2 Rg8 21. Rae1 Nf4 22. Bxf4 gxf4 23. Kh2 Bxf3 24. gxf3 Re7 25. Rg1 Reg7 26. Ree1 Qf7 27. Qd2 Rxg1 28. Rxg1 Rxg1 29. Kxg1 Qh5 30. Kh2 Qxf3 31. Qe2 Qd5 32. f3 Kg7 33. Qg2+ Kf7 34. Qe2 Qb7 35. Kg2 Qc8 36. Kh2 Qg8 37. Qf2 Qg5 38. Bc2 Qh5 39. Bb3 Bh4 40. Qe2 Bg3+ 41. Kg2 Qg6 42. Kh1 d5 43. Bc2 Bh4 44. Qg2 Qg3 45. Qxg3 fxg3 46. f4 h5 47. Kg2 Kg6 48. Bd1 Kh6 49. Be2 Kg6 50. Bb5 Kf6 51. Be8 a5 52. Bxh5 Ke7 53. Be2 Kf6 54. Bd3 Ke7 55. Be2 1/2-1/2

[Event "GER-ch blitz (Women)"]
[Site "Magdeburg"]
[Date "2019.05.25"]
[Round "12"]
[White "Hofmann, Karina"]
[Black "Fuchs, Judith"]
[Result "0-1"]
[WhiteElo "1700"]
[BlackElo "2218"]
[PlyCount "158"]
[EventDate "2019.05.25"]
[EventType "tourn (blitz)"]
[EventRounds "29"]
[EventCountry "GER"]
[SourceTitle "CBM 190 Extra"]
[Source "ChessBase"]
[SourceDate "2019.07.15"]
[SourceVersion "1"]
[SourceVersionDate "2019.07.15"]
[SourceQuality "1"]

1. f4 d5 2. Nf3 g6 3. e3 Bg7 4. Nc3 c5 5. Bb5+ Nc6 6. b3 Bd7 7. Bb2 e6 8. Qe2 Nge7 9. Na4 Bxb2 10. Nxb2 a6 11. Bxc6 Nxc6 12. 0-0 Qf6 13. c3 0-0 14. d4 cxd4 15. cxd4 Ne7 16. a4 Nf5 17. Ne5 Rfd8 18. Rfc1 Qe7 19. Rc7 f6 20. Ned3 b6 21. Rac1 Rac8 22. Nf2 Qd6 23. Rxc8 Rxc8 24. Rxc8+ Bxc8 25. g4 Ne7 26. Qc2 e5 27. dxe5 fxe5 28. Nbd3 exf4 29. Nxf4 Bd7 30. h3 Qe5 31. Qd3 b5 32. Qd4 Qxd4 33. exd4 bxa4 34. bxa4 Bxa4 35. h4 Bb5 36. Nd1 a5 37. Nc3 Bc4 38. Kf2 Bb3 39. Ke3 a4 40. Kd2 a3 41. Kc1 Nc6 42. Nfxd5 Nxd4 43. Nb4 Nf3 44. h5 Ne5 45. hxg6 hxg6 46. Nba2 Nxg4 47. Kd2 Ne5 48. Ke3 Kf7 49. Kf4 Ke6 50. Kg5 Kf7 51. Nb4 Nf3+ 52. Kg4 Nd4 53. Nba2 Nc2 54. Kg5 Ne3 55. Kf4 Nc4 56. Ke4 Kg7 57. Kd4 Nd6 58. Kc5 Nf5 59. Kb4 Bxa2 60. Nxa2 g5 61. Kxa3 g4 62. Nc3 g3 63. Ne2 g2 64. Ng1 Kf6 65. Kb3 Ke5 66. Kc3 Kf4 67. Kd2 Kg3 68. Ke2 Nd4+ 69. Ke3 Nc2+ 70. Kd2 Na3 71. Ke3 Nc4+ 72. Kd3 Ne5+ 73. Ke3 Nf7 74. Ne2+ Kh2 75. Kf2 Ng5 76. Ng1 Ne4+ 77. Kf3 Kxg1 78. Kxe4 Kf1 79. Kf4 g1Q 0-1

[Event "GER-ch blitz (Women)"]
[Site "Magdeburg"]
[Date "2019.05.25"]
[Round "23"]
[White "Mader, Lena"]
[Black "Fuchs, Judith"]
[Result "0-1"]
[WhiteElo "1839"]
[BlackElo "2218"]
[PlyCount "71"]
[EventDate "2019.05.25"]
[EventType "tourn (blitz)"]
[EventRounds "29"]
[EventCountry "GER"]
[SourceTitle "CBM 190 Extra"]
[Source "ChessBase"]
[SourceDate "2019.07.15"]
[SourceVersion "1"]
[SourceVersionDate "2019.07.15"]
[SourceQuality "1"]

1. c4 e5 2. Nc3 Nc6 3. Nf3 Bc5 4. e3 Nf6 5. d4 exd4 6. exd4 Bb4 7. d5 Ne7 8. Bd3 d6 9. 0-0 0-0 10. h3 Bf5 11. Nd4 Bg6 12. Bxg6 Nxg6 13. Qc2 Qd7 14. a3 Bc5 15. Nf3 a5 16. Bg5 Ne8 17. Nb5 h6 18. Bd2 Nf6 19. b4 Bb6 20. Nbd4 c5 21. bxc5 Bxc5 22. Qb2 Rfe8 23. Rfe1 Ne4 24. Be3 Rac8 25. Qb5 Qc7 26. a4 Nc3 27. Qb2 Ne4 28. Nb5 Qd7 29. Nbd4 Nf6 30. Qb5 Qc7 31. Qb2 Re7 32. Qb5 Rce8 33. Reb1 b6 34. Nc6 Rxe3 35. fxe3 Bxe3+ 36. Kh1 0-1

[Event "GER-ch blitz (Women)"]
[Site "Magdeburg"]
[Date "2019.05.25"]
[Round "10"]
[White "Muetsch, Annmarie"]
[Black "Fuchs, Judith"]
[Result "0-1"]
[WhiteElo "2266"]
[BlackElo "2218"]
[PlyCount "52"]
[EventDate "2019.05.25"]
[EventType "tourn (blitz)"]
[EventRounds "29"]
[EventCountry "GER"]
[SourceTitle "CBM 190 Extra"]
[Source "ChessBase"]
[SourceDate "2019.07.15"]
[SourceVersion "1"]
[SourceVersionDate "2019.07.15"]
[SourceQuality "1"]

1. e4 c6 2. d4 d5 3. Nd2 dxe4 4. Nxe4 Nf6 5. Nxf6+ exf6 6. c3 Bd6 7. Bd3 0-0 8. Qc2 Re8+ 9. Ne2 h5 10. Be3 Nd7 11. 0-0-0 Nf8 12. Kb1 Be6 13. Ng3 g6 14. Bh6 f5 15. Ne2 Qc7 16. Qd2 Bd5 17. f3 b5 18. Nf4 Rab8 19. Nxd5 cxd5 20. g4 fxg4 21. fxg4 h4 22. Bg5 b4 23. cxb4 Bxb4 24. Qc1 Qb6 25. b3 a5 26. Bf6 Qxf6 0-1

[Event "GER-ch blitz (Women)"]
[Site "Magdeburg"]
[Date "2019.05.25"]
[Round "8"]
[White "Osmanodja, Filiz"]
[Black "Fuchs, Judith"]
[Result "1/2-1/2"]
[WhiteElo "2260"]
[BlackElo "2218"]
[PlyCount "101"]
[EventDate "2019.05.25"]
[EventType "tourn (blitz)"]
[EventRounds "29"]
[EventCountry "GER"]
[SourceTitle "CBM 190 Extra"]
[Source "ChessBase"]
[SourceDate "2019.07.15"]
[SourceVersion "1"]
[SourceVersionDate "2019.07.15"]
[SourceQuality "1"]

1. e4 c6 2. d4 d5 3. exd5 cxd5 4. Bd3 Nc6 5. c3 Qc7 6. h3 Nf6 7. Ne2 e5 8. dxe5 Nxe5 9. Bb5+ Bd7 10. Bxd7+ Qxd7 11. Bf4 Ng6 12. Be3 Bd6 13. 0-0 0-0 14. Nd2 Rfe8 15. Nf3 Bc7 16. Ned4 Ne4 17. Re1 a6 18. Nd2 Qd6 19. N4f3 Rad8 20. Nxe4 dxe4 21. Qxd6 Rxd6 22. Nd4 Ne5 23. Bf4 Rb6 24. Rxe4 f6 25. Bxe5 fxe5 26. Nb3 Rd8 27. Kf1 Rf6 28. Ke2 Bb6 29. f3 Bc7 30. Rd1 Rxd1 31. Kxd1 Rd6+ 32. Ke2 Rg6 33. Rg4 Rb6 34. Re4 Kf7 35. Ke1 Kf6 36. Ke2 a5 37. Nd2 Rxb2 38. a4 Rb6 39. Rc4 Bd8 40. Ne4+ Kf7 41. Rc8 Ke7 42. Nc5 Rb2+ 43. Ke3 b6 44. Nb7 Rxg2 45. Rxd8 Rc2 46. Rc8 Kd7 47. Rc4 Rh2 48. h4 g6 49. Kd3 Rf2 50. Ke3 Rh2 51. Kd3 1/2-1/2

[Event "GER-ch blitz (Women)"]
[Site "Magdeburg"]
[Date "2019.05.25"]
[Round "19"]
[White "Ries, Jutta"]
[Black "Fuchs, Judith"]
[Result "1-0"]
[WhiteElo "2017"]
[BlackElo "2218"]
[PlyCount "41"]
[EventDate "2019.05.25"]
[EventType "tourn (blitz)"]
[EventRounds "29"]
[EventCountry "GER"]
[SourceTitle "CBM 190 Extra"]
[Source "ChessBase"]
[SourceDate "2019.07.15"]
[SourceVersion "1"]
[SourceVersionDate "2019.07.15"]
[SourceQuality "1"]

1. f4 d5 2. Nf3 c5 3. b3 Nc6 4. Bb2 Nf6 5. e3 e6 6. Bb5 Bd7 7. 0-0 Qc7 8. Bxc6 Bxc6 9. Ne5 Bb5 10. d3 Nd7 11. c4 Bc6 12. Nxc6 Qxc6 13. Nd2 f6 14. Qf3 Bd6 15. f5 Ne5 16. Bxe5 Bxe5 17. Rac1 Qd6 18. fxe6 Bxh2+ 19. Kh1 Rd8 20. Qh5+ Ke7 21. Qf7# 1-0

[Event "BL2-Nord 1819"]
[Site "Germany"]
[Date "2019.03.24"]
[Round "10.6"]
[White "Figura, Atila Gajo"]
[Black "Fuchs, Judith"]
[Result "1/2-1/2"]
[WhiteElo "2380"]
[BlackElo "2256"]
[PlyCount "23"]
[EventDate "2018.11.10"]
[EventType "team-tourn"]
[EventRounds "10"]
[EventCountry "GER"]
[SourceTitle "CBM 190 Extra"]
[Source "ChessBase"]
[SourceDate "2019.07.15"]
[SourceVersion "1"]
[SourceVersionDate "2019.07.15"]
[SourceQuality "1"]
[WhiteTeam "Berlin Zehlendorf"]
[BlackTeam "Hamburger SK II"]
[WhiteTeamCountry "GER"]
[BlackTeamCountry "GER"]

1. Nf3 Nf6 2. g3 b5 3. Bg2 Bb7 4. 0-0 e6 5. b3 Be7 6. Bb2 c5 7. d3 0-0 8. e4 d6 9. Nbd2 Nbd7 10. Ng5 Qb6 11. c4 Ne8 12. f4 1/2-1/2

[Event "BL 1819 (Women)"]
[Site "Germany"]
[Date "2019.03.01"]
[Round "9.4"]
[White "Fuchs, Judith"]
[Black "Waechter, Nathalie"]
[Result "1-0"]
[WhiteElo "2274"]
[BlackElo "1990"]
[PlyCount "155"]
[EventDate "2018.10.27"]
[EventType "team-tourn"]
[EventRounds "11"]
[EventCountry "GER"]
[SourceTitle "CBM 189 Extra"]
[Source "ChessBase"]
[SourceDate "2019.05.31"]
[SourceVersion "1"]
[SourceVersionDate "2019.05.31"]
[SourceQuality "1"]
[WhiteTeam "Hamburger SK (W)"]
[BlackTeam "Harksheide (W)"]
[WhiteTeamCountry "GER"]
[BlackTeamCountry "GER"]

1. d4 d5 2. Bf4 e6 3. e3 Bd6 4. Bg3 Nf6 5. Nf3 0-0 6. Nbd2 b6 7. Bd3 c5 8. c3 Ba6 9. Bxa6 Nxa6 10. Qe2 Nb8 11. e4 Nh5 12. Bxd6 Qxd6 13. e5 Qe7 14. Qe3 f5 15. exf6 Nxf6 16. Ne5 cxd4 17. Qxd4 Nbd7 18. Nxd7 Nxd7 19. 0-0 Qd6 20. f4 Rf5 21. Ne4 Qc6 22. Ng3 Rf7 23. Rae1 Re8 24. b4 b5 25. Rf2 Qb6 26. Ne2 Qa6 27. Nc1 Qd6 28. Nd3 Rfe7 29. Ne5 Nb6 30. Re3 Rc8 31. Rh3 Nc4 32. Qd3 g6 33. Ng4 Rf8 34. Qd4 e5 35. fxe5 Nxe5 36. Rxf8+ Kxf8 37. Nxe5 Qxe5 38. Qxe5 Rxe5 39. Rxh7 a6 40. Kf2 Re6 41. Rc7 g5 42. Kf3 Rf6+ 43. Kg3 Rd6 44. Rc5 d4 45. cxd4 Rxd4 46. Rxg5 Rxb4 47. Rf5+ Kg7 48. Rf2 Kg6 49. h3 Kg5 50. Rd2 Ra4 51. Kf3 Kf5 52. g4+ Kg5 53. Rd5+ Kg6 54. Rd6+ Kg5 55. Rd5+ Kg6 56. h4 Rxa2 57. Rd6+ Kg7 58. Kf4 b4 59. Rb6 Ra4 60. Rb7+ Kf6 61. Rb6+ Kg7 62. Rb7+ Kf6 63. g5+ Kg6 64. Rb6+ Kg7 65. Kg4 a5 66. Rb7+ Kg8 67. Kh5 b3 68. Rxb3 Rb4 69. Rc3 Rb8 70. Rc4 Ra8 71. Ra4 Kf7 72. Kg4 Ra6 73. h5 Kg8 74. g6 Kf8 75. Kg5 Kg7 76. h6+ Kf8 77. Rf4+ Kg8 78. h7+ 1-0